| 000 | 00551nam a2200193 i 4500 | ||
|---|---|---|---|
| 001 | 101146 | ||
| 003 | ES-MaACL | ||
| 005 | 20250829062540.0 | ||
| 007 | t| | ||
| 008 | 051013s1921 fr ||||1| fre d | ||
| 080 | _a821.133.1-31"19" | ||
| 100 | 1 |
_aMaurois, André, _d1885-1967 _979267 |
|
| 245 | 1 | 4 |
_aLes silences du colonel Bramble / _cAndré Maurois, [seud.] de Emile Herzog. |
| 250 | _a4ª ed. | ||
| 260 |
_aParis : _bBernard Grasset, _c1921. |
||
| 300 |
_a256 p. ; _c19 cm. |
||
| 852 |
_aES-MaACL _jA-2157 _bR.19297 |
||
| 999 |
_c101146 _d101146 |
||